| 000 | 03204nam a2200301Ia 4500 | ||
|---|---|---|---|
| 001 | 114232 | ||
| 003 | DR-UNIBE | ||
| 005 | 20251124111555.0 | ||
| 008 | 251124b2003 dr ||||| |||| 00| 0 spa d | ||
| 020 | _a9993495301 (volumen 1) | ||
| 040 |
_aBIBLIOTECA UNIBE _cBIBLIOTECA UNIBE _bspa |
||
| 041 |
_aspa _hspa |
||
| 082 | 0 | _aRD 342.7293 J82d 2003 | |
| 100 | 1 |
_aJorge Prats, Eduardo, _98540 _d1964- _eautor |
|
| 245 | 1 | 0 |
_aDerecho constitucional. Volumen 1 / _cEduardo Jorge Prats |
| 250 | _aPrimera edición | ||
| 260 |
_aSanto Domingo : _bGaceta Judicial, _c2003 |
||
| 300 | _avolúmenes | ||
| 490 | _aGaceta Judicial. Colección Manuales | ||
| 504 | _aIncluye referencias bibliográficas al final de cada capítulo e índice | ||
| 505 | 0 | _aDedicatoria | Prólogo | PARTE I: CONSTITUCIÓN, CONSTITUCIONALISMO, DERECHO CONSTITUCIONAL Y ESTADO | Capítulo 1. Aproximación al constitucionalismo | Capítulo 2. Constitución y derecho constitucional | Capítulo 3. El poder constitucional | Capítulo 4. El Estado | PARTE II: METÓDICA CONSTITUCIONAL | Capítulo 5. La Constitución como norma | Capítulo 6. Constitución y ordenamiento jurídico | Capítulo 7. La Constitución como sistema abierto | Capítulo 8. La interpretación constitucional | PARETE III: EL CONTROL DE LA CONSTITUCIONALIDAD | Capítulo 9. Los modelos de control de constitucionalidad | Capítulo 10. El sistema dominicano de control de constitucionalidad | Capítulo 11. Las sentencias constitucionales | PARTE IV: EL DERECHO CONSTITUCIONAL DE LAS NORMAS | Capítulo 12. Las fuentes del derecho | Capítulo 13. Las fuentes internacionales y supranacionales | Capítulo 14. La ley | Capítulo 15. El reglamento | Capítulo 16. La jurisprudencia | Capítulo 17. La costumbre | PARTE V. LA REPÚBLICA DOMINICANA Y SUS PRINCIPIOS ESTRUCTURALES | Capítulo 18. El principio de la dignidad humana | Capítulo 19. El principio democrático | Capítulo 20. El principio republicano | Capítulo 21. El principio del estado de derecho | Capítulo 22. El principio del estado social | Capítulo 23. El principio del estado unitario | Capítulo 24. El principio del estado abierto al derecho internacional y a la integración americana | Índice analítico | |
| 520 | 3 | _aEsta obra parte del presupuesto de que el Derecho Constitucional permite la crítica del Derecho desde el Derecho mismo porque la Constitución, sobre todo, contiene normas que rigen la producción de normas, tanto a nivel formal o procesal como a nivel sustancial o de contenido. De ahí que el libro toma la Constitución en serio y no es permeado por el escepticismo de quienes invalidan la Constitución a partir de prácticas políticas o sociales. El Derecho Constitucional debe construir puentes entre la normatividad y la facticidad que acerquen las prácticas de instituciones, autoridades y ciudadanos a los preceptos constitucionales y que permitan revisar estos preceptos a la luz de estas prácticas. | |
| 650 | 7 |
_aDerecho constitucional _95528 _2lemb |
|
| 651 | 7 |
_2lemb _aRepública Dominicana _xDerecho constitucional _95535 |
|
| 655 | 7 |
_2lemb _aManuales _9194534 |
|
| 942 |
_cBK _2ddc |
||
| 951 | _a20101116 07:27:11 | ||
| 999 |
_c114232 _d114232 |
||